20 Greatest Small Forwards of All time - Statistics

General Stats
  • This quiz has been taken 19 times
  • The average score is 12 of 20
Answer Stats
Hint Answer % Correct
OKC/GSW Kevin Durant
100%
BOS Larry Bird
100%
LAL/MIA/CLE LeBron James
100%
PHI Julius Erving
78%
SAS/LAC/TOR Kawhi Leonard
78%
BOS Paul Pierce
78%
CHI/HOU Scottie Pippen
72%
DEN/NYK Carmelo Anthony
67%
IND/LAC Paul George
67%
LAL James Worthy
61%
LAL Elgin Baylor
56%
BOS Jayson Tatum
56%
BOS John Havlicek
56%
GSW Rick Barry
56%
ATL Dominique Wilkins
50%
DEN Alex English
44%
GSW/MIA Jimmy Butler
44%
DET Adrian Dantley
11%
WAS Bernard King
11%
PHI Paul Arizin
6%
No matching quizzes found
Score Distribution
Percent of People with Each Score
Percentile by Number Answered
Your Score History
You have not taken this quiz